=LDR 00000nam 2200000 4500 =001 INLIS000000000003970 =005 20130612092250 =008 ***********************************Ind** =035 ##$$0010-061300000003970 =041 ##$$a Ind =082 ##$$a 959.87 =090 ##$$a 959.87, Han t =100 ##$$a Hanna, Willard A =245 ##$$a Ternate dan Tidore, masa lalu penuh gejolak, Willard A.Hanna, Des Alwi =260 ##$$a 1996 $b Jakarta =300 ##$$a x, 276 hlm., ilus., 21 cm =650 ##$$a Ternate =650 ##$$a Sejarah =700 ##$$a Alwi, Des =850 ##$$a NBPNMAT